| 000 | 00590nam a2200193Ia 4500 | ||
|---|---|---|---|
| 003 | GCL | ||
| 008 | 140319s9999 xx 000 0 ara d | ||
| 040 |
_aGCL / _cGCL |
||
| 082 | 0 | 4 |
_a412 _bا ك |
| 100 | 1 | _aابوتراب الظاهرى | |
| 245 | 1 | 0 |
_aكبوات اليراع / _cابوتراب الظاهرى |
| 260 |
_a[S.N] : _bدار البلاد ، _c1982 |
||
| 300 | _a418 ص | ||
| 490 |
_aكتاب النادى الادبى الثقافى _v0 |
||
| 650 | 0 | 4 | _aالالفاظ |
| 650 | 0 | 4 | _aاللغة العربية |
| 650 | 0 | 4 | _aالاخطاء اللغوية |
| 942 |
_2ddc _cBK |
||
| 999 |
_c52925 _d52925 |
||